000 00545nam a2200205Ia 4500
005 20250508152434.0
008 008 250505s9999 xx 000 0 eng d
037 _aTextual
040 _aFEDL
_beng
_cFEDL
041 _aeng
_2eng
084 _a150.13, BUR
_qFEDL
100 _aChesser Eustace
_9282967
245 3 _aAn outline of human relationships
260 _aLondon, UK
_bHeinemann
_c1959
300 _a446p.
365 _aINR
_b20
650 _aPsychology
942 _cTEXL
_h150.13, BUR
999 _c1336428
_d1336428